Les lycées parisiens - Dans quel arrondissement ? - Statistiques

Statistiques générales
  • Ce quiz a été pris 127 fois
  • Le résultat moyen est 134 sur 140
Statistiques - réponses
Lycée Arrondissement % Correct
Jean-Baptiste Lulli 2
100%
Simone Weill | Turgot | Victor Hugo 3
100%
Charlemagne | Francs-Bourgeois | Massillon | +2 others 4
100%
Arago | Eugène Napoléon - Saint-Pierre-Fourier | Georges Leven | +3 others 12
98%
Bachelard | Claude Monet | Corvisart-Tolbiac | +11 others 13
98%
Armand Carrel | Diderot | Georges Brassens | +3 others 19
98%
Abbé Grégoire | Henri IV | Jacques Monod | +5 others 5
98%
Carcado-Saisseval | Ecole alsacienne | Fénelon | +7 others 6
98%
Albert de Mun | Alma | Fidès | +8 others 7
98%
Chaptal | Fénelon-Sainte-Marie | Hattemer | La Plaine Monceau 8
98%
Clapeyron | Condorcet | Edgar Quinet | +5 others 9
98%
Bossuet-Notre-Dame | Cobert | Edgar Poe | +2 others 10
95%
Charles Péguy | Dorian | Otzar Hatorah | +3 others 11
95%
Catherine Labouré | Erik Satie | François Villon | +2 others 14
95%
Beaugrenelle | Blomet | Brassaï | +11 others 15
95%
Auguste Renoir | Belliard | Charles de Foucauld | +4 others 18
95%
Carnot | Gaston Tenoudji | Honoré de Balzac | +3 others 17
93%
Beth Yacov | Charles de Gaulle | Maurice Ravel | Sainte-Louise 20
93%
Assomption | Claude Bernard | De la Tour | +14 others 16
90%
Aucun quiz correspondant
Distribution des résultats
% des personnes avec chaque résultat
Percentile par nombre de réponses
Votre historique - résultats
Vous n’avez pas pris ce quiz